České menšiny v Evropě a ve světě

Titel: České menšiny v Evropě a ve světě / Jaroslav Vaculík
Verfasser:
Ausgabe: 1. vyd.
Veröffentlicht: Praha : Nakl. Libri, 2009
Umfang: 319 S. : Ill.
Format: Buch
Sprache: Tschechisch
RVK-Notation:
Schlagworte:
ISBN: 9788072773978
Buchumschlag
X
alg: 39546030
001A    $01999:12-11-16 
001B    $03004:26-03-26 $t16:19:24.000 
001D    $03004:26-03-26 
001U    $0utf8 
001X    $00 
002@    $0Aau 
002C    $aText $btxt $2rdacontent 
002D    $aohne Hilfsmittel zu benutzen $bn $2rdamedia 
002E    $aBand $bnc $2rdacarrier 
003@    $0395460301 
003O    $0428367694 $aOCoLC 
004A    $A978-80-7277-397-8 
007A    $0395460301 $aHEB 
007T    $0Herdpp138997 
009P    $qapplication/pdf $3Inhaltsverzeichnis $uhttps://bvbr.bib-bvb.de:443/F?func=service&doc_library=BVB01&local_base=BVB01&doc_number=017661471&sequence=000002&line_number=0001&func_code=DB_RECORDS&service_type=MEDIA $mDigitalisierung BSBMuenchen 
010@    $acze 
011@    $a2009 $n2009 
021A    $aČeské menšiny v Evropě a ve světě $hJaroslav Vaculík 
028A    $BVerfasser $4aut $8Vaculík, Jaroslav$Z1947-2021 [Tp3] $9497128101 
032@    $a1. vyd. 
033A    $pPraha $nNakl. Libri 
034D    $a319 S. 
034M    $aIll. 
037A    $aLiteraturverzeichnis: Seite [291]-302, Register 
039U    $8--Aox--Kaleta, Petr. Vaculík, Jaroslav. České menšiny v Evropě a ve světě. - Praha : Libri. -  2009 [Rezension], 2010 $9395201004 
039U    $8--Aox--Baron, Roman. Vaculík, Jaroslav. České menšiny v Evropě a ve světě. - Praha : Libri. -  2009 [Rezension], 2010 $9395208564 
039U    $8--Aox--Louženský, Jiří. Vaculík, Jaroslav. České menšiny v Evropě a ve světě. - Praha : Libri. -  2009 [Rezension], 2010 $9395217806 
039U    $8--Aox--Pavlásek, Michal. Vaculík, Jaroslav. České menšiny v Evropě a ve světě. - Praha : Libri. -  2009 [Rezension], 2010 $9395221595 
039U    $8--Aox--Štěpánek, Kamil. Vaculík, Jaroslav. České menšiny v Evropě a ve světě. - Praha : Libri. -  2009 [Rezension], 2009 $9395222435 
039U    $8--Aox--Brouček, Stanislav$Z1947- [Tp1]. Vaculík, Jaroslav. České menšiny v Evropě a ve světě. - Praha : Libri. -  2009 [Rezension], 2010 $9395236266 
039U    $8--Aox--Čapka, František. Vaculík, Jaroslav. České menšiny v Evropě a ve světě. - Praha : Libri. -  2009 [Rezension], 2010 $9395245575 
044A    $aStudie $2czenas $S#7 $N655 
044A    $aStudies $2czenas $S#7 $N655 
044K    $qBVB $RTschechin $#Czechs $#Tchèques $#Tschechen $#Tscheche $#Tschechen $#Czechs $74061083-4 $8Tschechen [Ts1] $9085169609 
044K    $qBVB $RAuslandsaufenthalt $#Im Ausland $#Ausland $#Ausland $#Ausländisch $74068999-2 $8Ausland [Ts1] $9085193828 
044K    $RGruppe $#Minorities $#Minorités $#Minderheit $#Minderheit $#Minderheit $#Minderheitsgruppe $#Minorität $#Minoritätsgruppe $D20251120 $Ecgmnf $74752223-9 $8Minderheit [Ts1] $9114439052 
044K    $RMinderheit $RBedrohtes Volk $REthnische Gruppe $#Minorities $#Minorités $#Minoranze etniche $#Minderheit $#Ethnische Minorität $#Ethnisch-kulturelle Minderheit $#Ethnische Minderheit $#Nationale Minderheiten $D20251120 $Ecgmnf $74039409-8 $8Nationale Minderheit [Ts1] $908510745X 
045F    $a900.94371 $eDDC22BSB 
045F/01 $a900 
045F/03 $g4371 
045R    $aGeschichte 
045T    $a7,41 
045T    $a8 
045Z    $8KS 1025 [Tkv] $9409312002 
045Z    $D20251120 $Ecgmnf $8KS 1025 [Tkv] $9409312002 

lok: 39546030 24

exp: 39546030 24 1 #EPN
201B/01 $026-03-26 $t16:15:41.000 
201C/01 $003-11-25 
201U/01 $0utf8 
203@/01 $0132114170X 
208@/01 $a30-01-26 $bz 
209A/01 $a25.06633 $du $f050 $h25 06633 $x00 
209C/01 $a25.06633 K $h25 06633 K 
209G/01 $a75095562 $x00 
220C/01 $akon 
247C/01 $8358050-7 Marburg, Bibliothek des Herder-Instituts Marburg $9102600961 

lok: 39546030 78

exp: 39546030 78 1 #EPN
201B/01 $026-11-17 $t04:36:11.000 
201U/01 $0utf8 
203@/01 $0792043561 
208@/01 $a12-11-16 $be 
209A/01 $a/ $f000 $x00 
220C/01 $aHerkunft: Hú Av Čr Praha 
244Z/01 $#Tschechien $#Tschechische Republik $#Tschechien $#Tschechische Republik $#Tschechenland $#Tschechei Tschechien $#Česká Republika $#Czech Republic $#ČR $74303381-7 $8--Tg1--Tschechien $x01 $9086659812 
244Z/01 $2Trx $#Böhmen $#Bohemia $#Czechy $8--Trx--Čechy $x02 $9391188941 
244Z/01 $2Trx $#välistšehhid $#čekų emigracija $#Czechs-in-exile $#külföldi csehek $#Czesi zagraniczni $#Česi zahraniční $#Češi zahraniční $8--Trx--Auslandstschechen $x03 $9391383930 
244Z/01 $2Trx $#migratsioonid $#migracijos $#migrations $#migrációk $#migracje $#migrácie $#migrace $8--Trx--Migrationen $x04 $9391383477 
244Z/01 $2Trx $#vähemused, rahvuslikud $#tautinės mažumos $#minorities, national $#kisebbségek, nemzeti $#mniejszości narodowe $#menšiny národnostné $#menšiny národnostní $#Minderheiten, sprachliche $#menšiny, jazykové $8--Trx--Minderheiten, nationale $x05 $9391373978 
244Z/01 $2Trx $#väljarändamine $#emigracija $#emigration $#kivándorlás $#emigracja $#emigrácia $#emigrace $#Emigration $#vysťahovalectvo $#vystěhovalectví $8--Trx--Auswanderung $x06 $9391375334 
247C/01 $82080>Marburg/Lahn, Herder-Institut, Forschungsbibliothek, Bibliographieportal $9336309341
LEADER 00000cam a2200000 c 4500
001 395460301
003 DE-603
005 20260326161924.0
007 tu
008 161112s2009 xx |||| | u00||u|cze c
020 |a 9788072773978 
035 |a (DE-599)HEB395460301 
035 |a (OCoLC)428367694 
040 |a DE-603  |b ger  |c DE-603  |d DE-603 
041 |a cze 
082 0 4 |8 1\u  |a 900.94371  |q DE-101  |2 22/BSB 
084 |a 7,41  |2 ssgn 
084 |a 8  |2 ssgn 
084 |a KS 1025  |0 (DE-625)83738:  |0 (DE-603)409312002  |2 rvk 
084 |a KS 1025  |0 (DE-625)83738:  |0 (DE-603)409312002  |2 rvk 
085 |8 1\u  |b 900 
085 |8 1\u  |z 2  |s 4371 
100 1 |a Vaculík, Jaroslav  |d 1947-2021  |e Verfasser  |4 aut  |0 (DE-603)497128101  |0 (DE-588)1262792037  |2 gnd 
245 0 0 |a České menšiny v Evropě a ve světě  |c Jaroslav Vaculík 
250 |a 1. vyd. 
264 1 |a Praha  |b Nakl. Libri  |c 2009 
300 |a 319 S.  |b Ill. 
336 |a Text  |b txt  |2 rdacontent 
337 |a ohne Hilfsmittel zu benutzen  |b n  |2 rdamedia 
338 |a Band  |b nc  |2 rdacarrier 
500 |a Literaturverzeichnis: Seite [291]-302, Register 
648 7 |a Geschichte  |2 gnd 
650 7 |a Tschechen  |0 (DE-588)4061083-4  |0 (DE-603)085169609  |2 gnd 
650 7 |a Ausland  |0 (DE-588)4068999-2  |0 (DE-603)085193828  |2 gnd 
650 7 |a Minderheit  |0 (DE-588)4752223-9  |0 (DE-603)114439052  |2 gnd 
650 7 |a Nationale Minderheit  |0 (DE-588)4039409-8  |0 (DE-603)08510745X  |2 gnd 
787 0 8 |i Rezensiert in  |a Kaleta, Petr  |t Vaculík, Jaroslav. České menšiny v Evropě a ve světě. - Praha : Libri. - 2009 [Rezension]  |w (DE-603)395201004 
787 0 8 |i Rezensiert in  |a Baron, Roman  |t Vaculík, Jaroslav. České menšiny v Evropě a ve světě. - Praha : Libri. - 2009 [Rezension]  |w (DE-603)395208564 
787 0 8 |i Rezensiert in  |a Louženský, Jiří  |t Vaculík, Jaroslav. České menšiny v Evropě a ve světě. - Praha : Libri. - 2009 [Rezension]  |w (DE-603)395217806 
787 0 8 |i Rezensiert in  |a Pavlásek, Michal  |t Vaculík, Jaroslav. České menšiny v Evropě a ve světě. - Praha : Libri. - 2009 [Rezension]  |w (DE-603)395221595 
787 0 8 |i Rezensiert in  |a Štěpánek, Kamil  |t Vaculík, Jaroslav. České menšiny v Evropě a ve světě. - Praha : Libri. - 2009 [Rezension]  |w (DE-603)395222435 
787 0 8 |i Rezensiert in  |a Brouček, Stanislav, 1947-  |t Vaculík, Jaroslav. České menšiny v Evropě a ve světě. - Praha : Libri. - 2009 [Rezension]  |w (DE-603)395236266 
787 0 8 |i Rezensiert in  |a Čapka, František  |t Vaculík, Jaroslav. České menšiny v Evropě a ve světě. - Praha : Libri. - 2009 [Rezension]  |w (DE-603)395245575 
856 4 2 |m Digitalisierung BSBMuenchen  |q application/pdf  |u https://bvbr.bib-bvb.de:443/F?func=service&doc_library=BVB01&local_base=BVB01&doc_number=017661471&sequence=000002&line_number=0001&func_code=DB_RECORDS&service_type=MEDIA  |3 Inhaltsverzeichnis 
924 0 |9 Mb 50  |a (DE-603)132114170X  |b DE-Mb50  |c HES  |d c  |g 25.06633 
924 0 |9 2080  |a (DE-603)792043561  |b DE-2080  |c HES  |d d  |g /